Western civilisation through Muslim eyes / (Record no. 32676)
[ view plain ]
| 000 -LEADER | |
|---|---|
| fixed length control field | 01043nam a2200301 a 4500 |
| 001 - CONTROL NUMBER | |
| control field | 32676 |
| 003 - CONTROL NUMBER IDENTIFIER | |
| rucl marc code | BD-RjUL |
| 005 - DATE AND TIME OF LATEST TRANSACTION | |
| control field | 20211209051858.0 |
| 008 - FIXED-LENGTH DATA ELEMENTS--GENERAL INFORMATION | |
| fixed length control field | 181029s1977 ir 000 0 eng d |
| 020 ## - INTERNATIONAL STANDARD BOOK NUMBER | |
| International Standard Book Number | 9649155767 |
| 035 ## - SYSTEM CONTROL NUMBER | |
| System control number | (BD-RjUL)32766 |
| 040 ## - CATALOGING SOURCE | |
| Original cataloging agency | DLC |
| Language of cataloging | eng |
| Transcribing agency | DLC |
| Modifying agency | BD-RjUL |
| 041 1# - LANGUAGE CODE | |
| Language code of text/sound track or separate title | eng |
| Language code of original | per |
| 082 04 - DEWEY DECIMAL CLASSIFICATION NUMBER | |
| Edition number | 23 |
| Classification number | 909.09821 |
| Author mark and year | LAW 1977 |
| 100 1# - MAIN ENTRY--PERSONAL NAME | |
| Personal name | Lari, Sayid Mujtaba Rukni Musawi |
| 9 (RLIN) | 224397 |
| 245 10 - TITLE STATEMENT | |
| Title | Western civilisation through Muslim eyes / |
| Statement of responsibility, etc. | by Sayid Mujtaba Rukni Musawi Lari ; translated by F.J. Goulding |
| 260 ## - PUBLICATION, DISTRIBUTION, ETC. (IMPRINT) | |
| Place of publication, distribution, etc. | Qom, I. R. Iran : |
| Name of publisher, distributor, etc. | Islamic C. P. W., |
| Date of publication, distribution, etc. | 1977. |
| 300 ## - PHYSICAL DESCRIPTION | |
| Pagination | xii, 146 p. ; |
| Size | 23 cm. |
| 500 ## - GENERAL NOTE | |
| General note | Translation of "Sīmā-yi tamaddun-i Gharb" |
| 650 #0 - SUBJECT ADDED ENTRY--TOPICAL TERM | |
| Topical term or geographic name as entry element | Civilization, Modern |
| Chronological subdivision | 20th century. |
| 9 (RLIN) | 16900 |
| Topical term or geographic name as entry element | Civilization, Western. |
| 9 (RLIN) | 99392 |
| Topical term or geographic name as entry element | Islam |
| Form subdivision | Apologetic works |
| 9 (RLIN) | 98459 |
| Topical term or geographic name as entry element | Islam |
| General subdivision | Essence, genius, nature |
| 9 (RLIN) | 50298 |
| 700 1# - ADDED ENTRY--PERSONAL NAME | |
| Personal name | Goulding, F. J. |
| Fuller form of name | (Francis John), tr. |
| 942 ## - ADDED ENTRY ELEMENTS (KOHA) | |
| Source of classification or shelving scheme | Dewey Decimal Classification |
| Koha item type | Rare Books |
| Lost status | Source of classification or shelving scheme | Damaged status | Not for loan | Collection code | Permanent Location | Current Location | Shelving location | Date acquired | Total Checkouts | Full call number | Date last seen | Copy number | Koha item type |
|---|---|---|---|---|---|---|---|---|---|---|---|---|---|
| Dewey Decimal Classification | Not For Loan | Rare Books | Central Library, University of Rajshahi | Central Library, University of Rajshahi | Rare Book Section | 11/12/2001 | RA 909.09821 LAW 1977(ISL) | 27/04/2014 | C-1 | Books |